Score 0/20 Timer 05:00
26 Plays Today
% Correct
Charlie's Angels
89%
The Addams Family
88.5%
Star Trek
87.1%
The A-Team
84.9%
Starsky & Hutch
84.3%
21 Jump Street
80.7%
The Brady Bunch
80.6%
The Twilight Zone
77.6%
Get Smart
77.5%
Mission: Impossible
77.2%
% Correct
The Beverly Hillbillies
76.4%
South Park
73.7%
Jackass
71.3%
Lost in Space
67.7%
The Fugitive
63.3%
Wild Wild West
59.6%
The Mod Squad
54.8%
The Untouchables
50.8%
S.W.A.T.
43.7%
Serenity
36.7%
Remove Ads.
Support Sporcle.
Get the best of Sporcle when you Go Orange. This ad-free experience offers more features, more stats, and more fun while also helping to support Sporcle. Thank you for becoming a member.

You're not logged in!

Compare scores with friends on all Sporcle quizzes.
OR
Log In

Sporcle TV

Today on Sporcle TV


Watch our educational content, quiz creation guides, and fun videos on Sporcle TV.

Show Comments

Extras

Top Quizzes Today


Score Distribution

Paid Content

Your Account Isn't Verified!

In order to create a playlist on Sporcle, you need to verify the email address you used during registration. Go to your Sporcle Settings to finish the process.

Report this User

Report this user for behavior that violates our Community Guidelines.

Details: